00375nam a22001337a 450000500170000000800410001704100130005808200130007110000130008424500400009726000550013730000240019265000250021620240705133527.0240705b |||||||| |||| 00| 0 eng d aEnglish  a349 PRE  lEnglish  aPrentice Hall Weekly Legal Service  aDurban: bPrentice Hall Services (Pty) Ltd, c1939 b94 pages; c26 cm.  aLegal practicebLaw